Journal of global accounting. (Record no. 38407)

MARC details
000 -LEADER
fixed length control field 00474nam a2200169Ia 4500
022 ## - INTERNATIONAL STANDARD SERIAL NUMBER
ISSN 11186828
050 ## - CALL MARK
Classification number HF 5616.N59 .J68/
245 #0 - TITLE STATEMENT
Title Journal of global accounting.
260 ## - PUBLICATION, DISTRIBUTION, ETC. (IMPRINT)
Place of publication Anambra state, Nigeria.
260 ## - PUBLICATION, DISTRIBUTION, ETC. (IMPRINT)
Name of publisher Department of accounting, Nnamdi azikiwe university
260 ## - PUBLICATION, DISTRIBUTION, ETC. (IMPRINT)
Year of publication 2016
300 ## - PHYSICAL DESCRIPTION
Number of Pages vi, 137 p. 29 cm.
650 ## - SUBJECT ADDED ENTRY--TOPICAL TERM
Topical Term Accounting--Nigeria--Periodicals.
942 ## - ADDED ENTRY ELEMENTS (KOHA)
Koha item type Serials

No items available.